|
|
|
|
| LEADER |
00855nam a22001937a 4500 |
| 020 |
|
|
|a 81-7130-474-5
|
| 082 |
|
|
|a 894.M1
|b YUS/O N5
|
| 100 |
|
|
|a യൂസഫലി കേച്ചേരി
|9 154272
|
| 100 |
|
|
|a Yusafali Kecheri
|9 154273
|
| 240 |
|
|
|a Ormakku thalolickan
|
| 245 |
|
|
|a ഓര്മ്മയ്ക്കു താലോലിക്കാന്
|
| 250 |
|
|
|a 1st
|
| 260 |
|
|
|a Kottayam;
|b D C Books;
|c 1995
|
| 300 |
|
|
|a 104p.
|
| 650 |
|
|
|a മലയാളം; മലയാളസാഹിത്യം; മലയാളം കവിതകള്
|9 154274
|
| 650 |
|
|
|a Malayalam; Malayalam Literature; Malayalam Poetry; Yusufali Kecheri
|9 154275
|
| 942 |
|
|
|c BK
|
| 999 |
|
|
|c 39971
|d 39971
|
| 952 |
|
|
|0 0
|1 0
|4 0
|6 894_000000000000000_M1_YUS_O_N5
|7 0
|8 POE
|9 45497
|a MAL
|b MAL
|d 2015-06-29
|e 41666
|g 28.00
|l 0
|o 894.M1 YUS/O N5
|p MAL041666
|r 2015-06-29
|t 1
|w 2015-06-29
|y BK
|